Normal view
MARC view
Entry Personal Name
001 - CONTROL NUMBER
- control field: 6761
003 - CONTROL NUMBER IDENTIFIER
- control field: BD-RjUL
005 - DATE AND TIME OF LATEST TRANSACTION
- control field: 20230131111956.0
008 - FIXED-LENGTH DATA ELEMENTS
- fixed length control field: 230131|| aca||aabn | a|a d
040 ## - CATALOGING SOURCE
- Original cataloging agency: BD-RjUL
- Transcribing agency: BD-RjUL
100 ## - HEADING--PERSONAL NAME
- Personal name: সাহাবা
- General subdivision: জীবনী
670 ## - SOURCE DATA FOUND
- Source citation: Work cat.: (BD-RjUL)79688: রাজ্জাক, খ. ম. আব্দুর 2393, সাহাবীগণের যুগে তাফসীর চর্চা /, ২০০৭